|
|
|
|
| LEADER |
01338nam a2200253 a 4500 |
| 001 |
1002604 |
| 008 |
100127s1985 bg b 000 0 eng d |
| 010 |
|
|
|a 86901645
|
| 040 |
|
|
|a DLC
|c DLC
|d DLC
|d BD-DhAAL
|
| 082 |
0 |
0 |
|a 320/.088042
|2 19
|
| 245 |
0 |
0 |
|a Women and politics in Bangladesh.
|
| 260 |
|
|
|a Dhaka :
|b Center for Women and Development, Bangladesh,
|c 1985
|
| 300 |
|
|
|a ii, 28 p. ;
|c 23 cm.
|
| 490 |
1 |
|
|a Lecture series ;
|v 2
|
| 500 |
|
|
|a Cover title.
|
| 504 |
|
|
|a Includes bibliographies.
|
| 505 |
0 |
|
|a Women's participation in political process in Bangladesh : nature and limitations / Najma Chowdhury -- Experiences of a woman politician / Razia Faiz -- Women's participation in politics in Bangladesh : its nature and limitations / Maleka Begum -- Women's participation in local government in Bangladesh / Bilquis Ara Alam -- Women in politics / Enayetullah Khan.
|
| 541 |
1 |
|
|e 00002518
|
| 650 |
|
0 |
|a Women
|x Political activity
|z Bangladesh.
|
| 710 |
2 |
|
|a Center for Women and Development, Bangladesh.
|
| 830 |
|
0 |
|a Lecture series (Center for Women and Development, Bangladesh) ;
|v 2.
|
| 852 |
4 |
|
|a Ayesha Abed Library
|j General shelf
|
| 999 |
|
|
|c 7245
|d 7245
|
| 952 |
|
|
|0 0
|1 0
|2 ddc
|4 0
|6 320_088042000000000_WOM_1985
|7 0
|9 7553
|a BRACUL
|b BRACUL
|c GEN
|d 2010-01-28
|g 10.00
|l 2
|m 6
|o 320.088042 WOM
|p 3010002518
|r 2025-05-25
|s 2025-04-23
|t 1
|w 2010-01-28
|y BK
|